Medallero de los Juegos Olímpicos - Esgrima - Estadísticas

Estadísticas generales
  • Esta prueba ha sido intentada 27 veces
  • La puntuación promedio es 11 de 15
Estadísticas de respuestas
Total Oro Plata Bronce País % Correcto
33 4 11 18 Estados Unidos
100%
123 44 43 36 Francia
100%
15 5 7 3 China
95%
26 13 5 8 Rusia
95%
9 1 8 0 Reino Unido
86%
21 5 7 9 Alemania
81%
16 7 8 1 Alemania Occidental
81%
130 49 46 35 Italia
81%
49 18 15 16 Unión Soviética
81%
16 5 3 8 Corea del Sur
62%
90 38 24 28 Hungría
57%
22 4 9 9 Polonia
52%
17 4 6 7 Rumania
52%
10 3 3 4 Bélgica
48%
10 4 3 3 Cuba
29%
No se encontraron pruebas coincidentes
Distribución de puntuación
Porcentaje de gente con cada puntuación
Porcentaje por número respondido
Historial de tus puntuaciones
No has intentado esta prueba.